000 01902nam a22004094i 4500
999 _c64646
_d64646
001 bimo0001108756
003 SpMaBN
005 20190202100336.0
008 920725s1969 sp spa
017 _aB 25987-1969
_bOficina Depósito Legal Barcelona
040 _aSpMaBN
_bspa
_cCO-MdFUSB
_dCO-MdFUSBC
_erda
041 _aspa
080 0 _a22.017
082 _223
_a220.609
_bL833
100 1 _aLohfink, Norbert
_eautor
240 _aBibelauslegung im Wandel
245 1 0 _aExégesis bíblica y teologia
_b: la exégesis bíblica en evolución
_c/ Norbert Lohfink ; traductor José L. Sicre S.J.
264 1 _aSalamanca, España :
_bSigueme,
_c℗[1969]
264 4 _c©1967
300 _a239 páginas ;
_c19 cm
336 _2rdacontent
_atexto
_btxt
337 _2rdamedia
_asin mediación
_bn
338 _2rdacarrier
_avolumen
_bnc
490 1 _aVerdad e Imagen
505 _aBiblia y ciencia bíblica después del concilio -- Comienzo y progreso del conocimiento en la teología -- Sobre el método histórico-crítico -- Los primeros capítulos de la Biblia desde la intervención de las ciencias naturales -- La religión de los patriarcas y las consecuencias para una teología de las religiones no cristiana -- Los diez mandamientos sin el monte Sinaí -- Escatología en el Antiguo Testamento -- Interpretación Histórica e interpretación cristiana del Antiguo Testamento -- Problemas metodológicos para un tratado cristiano sobre los judíos.
563 _aTapa rústica
650 7 _aHermenéutica bíblica
650 0 _aBiblia
_916
700 1 _aSicre Díaz, José Luis
_d1940-
_etraductor.
830 _aVerdad e Imagen
_vNo. 15
942 _cBK
956 _a1
980 _aM-BN
_bBNMADRID
_j4/82856
_cSG_RECOLET
980 _aM-BN
_bBNMADRID
_j4/82857
_cSG_RECOLET